Statistics for All Paramore Songs as of November 2023

Click here to take the quiz!

General Stats

  • This quiz has been taken 33 times
  • The average score is 50 of 96

Answer Stats

Answer% Correct
Riot!Misery Business
95%
Riot!crushcrushcrush
90%
This Is WhyThis Is Why
90%
ParamoreAin't It Fun
85%
Singles/OtherDecode
85%
All We Know Is FallingEmergency
85%
Riot!That's What You Get
85%
This Is WhyThe News
85%
ParamoreStill into You
80%
Brand New EyesAll I Wanted
75%
All We Know Is FallingAll We Know
75%
Brand New EyesBrick By Boring Brick
75%
After LaughterHard Times
75%
Brand New EyesIgnorance
75%
All We Know Is FallingMy Heart
75%
ParamoreNow
75%
After LaughterPool
75%
After LaughterRose-Colored Boy
75%
This Is WhyRunning Out Of Time
75%
This Is WhyBig Man, Little Dignity
70%
This Is WhyC'est Comme Ça
70%
Riot!Fences
70%
This Is WhyFigure 8
70%
Riot!Hallelujah
70%
Brand New EyesPlaying God
70%
After Laughter26
65%
This Is WhyCrave
65%
After LaughterFake Happy
65%
Riot!Let the Flames Begin
65%
Singles/OtherMonster
65%
After LaughterNo Friend
65%
Brand New EyesThe Only Exception
65%
After LaughterTold You So
65%
Riot!When It Rains
65%
After LaughterCaught in the Middle
60%
Riot!For a Pessimist, I'm Pretty Optimistic
60%
All We Know Is FallingFranklin
60%
ParamoreInterlude: I'm Not Angry Anymore
60%
After LaughterTell Me How
60%
This Is WhyThick Skull
60%
All We Know Is FallingConspiracy
55%
ParamoreDaydreaming
55%
ParamoreFast in My Car
55%
After LaughterIdle Worship
55%
ParamoreInterlude: Holiday
55%
All We Know Is FallingNever Let This Go
55%
All We Know Is FallingPressure
55%
This Is WhyYou First
55%
ParamoreAnklebiters
50%
Riot!Born For This
50%
All We Know Is FallingBrighter
50%
Brand New EyesCareful
50%
After LaughterForgiveness
50%
ParamoreHate to See Your Heart Break
50%
Singles/OtherI Caught Myself
50%
ParamoreLast Hope
50%
This Is WhyLiar
50%
Brand New EyesMisguided Ghosts
50%
Paramore(One of Those) Crazy Girls
50%
ParamorePart II
50%
Brand New EyesTurn It Off
50%
All We Know Is FallingWhoa
50%
ParamoreGrow Up
45%
After LaughterGrudges
45%
ParamoreInterlude: Moving On
45%
ParamoreBe Alone
40%
ParamoreFuture
40%
Singles ClubHello Cold World
40%
All We Know Is FallingHere We Go Again
40%
Riot!Miracle
40%
ParamoreNative Tongue
40%
Riot!We Are Broken
40%
ParamoreEscape Route
35%
Brand New EyesFeeling Sorry
35%
Singles ClubIn the Mourning
35%
Brand New EyesLooking Up
35%
Singles ClubRenegade
35%
This Is WhySanity (demo)
35%
The B-SidesStop This Song (Lovesick Melody)
35%
ParamoreTell Me It's Okay - Demo
35%
Brand New EyesWhere the Lines Overlap
35%
The B-SidesDecoy
30%
ParamoreProof
30%
The B-SidesOh Star
25%
The B-SidesRewind
20%
The B-SidesThis Circle
20%
The B-SidesThrowing Punches
20%
The B-SidesAdore
15%
The B-SidesHello Hello
15%
The B-SidesJust Like Me
15%
The B-SidesMy Number One
15%
The B-SidesStay Away
15%
The B-SidesSwim In Silence
15%
The B-SidesTemporary
15%
The B-SidesBreathe (Until Tomorrow)
10%
ParamoreHate to See Your Heart Break (feat. Joy Williams)
10%

Score Distribution

Percentile by Number Answered

Percent of People with Each Score

Your Score History

You have not taken this quiz